Countries in FIBA World Cup 1982 - Statistics

General Stats
  • This quiz has been taken 9 times
  • The average score is 10 of 13
Answer Stats
Rank Country % Correct
5th Place Australia
100%
8th Place Brazil
100%
Champions (1st Place) Soviet Union
100%
4th Place Spain
100%
Runners-Up (2nd Place) United States
100%
3rd Place Yugoslavia
100%
6th Place Canada
71%
9th Place Panama
71%
11th Place Uruguay
71%
12th Place China
57%
Host (7th Place) Colombia
57%
10th Place Czechoslovakia
57%
13th Place Ivory Coast
29%
No matching quizzes found
Score Distribution
Percent of People with Each Score
Percentile by Number Answered
Your Score History
You have not taken this quiz